مدى مشروعية الإسشفاء بالدم البشري و أثر التصرف فيه في الفقهالإسلامي و القانون المدني / (رقم التسجيلة. 81581)

تفاصيل مارك
000 -LEADER
fixed length control field 00807nam a22002177a 4500
005 - DATE AND TIME OF LATEST TRANSACTION
control field 20251108172526.0
008 - FIXED-LENGTH DATA ELEMENTS--GENERAL INFORMATION
fixed length control field 250721s9999 xx 000 0 ara d
082 14 - DEWEY DECIMAL CLASSIFICATION NUMBER
Classification number 344.041/داو
100 1# - MAIN ENTRY--PERSONAL NAME
Personal name داود، محمد عبدالمقصود حسن
245 10 - TITLE STATEMENT
Title مدى مشروعية الإسشفاء بالدم البشري و أثر التصرف فيه في الفقهالإسلامي و القانون المدني /
264 1# - PRODUCTION, PUBLICATION, DISTRIBUTION, MANUFACTURE, AND COPYRIGHT NOTICE
Place of production, publication, distribution, manufacture الإسكندرية :
Name of producer, publisher, distributor, manufacturer دار الجامعة الجديدة للنشر،
300 ## - PHYSICAL DESCRIPTION
Extent 493ص.
490 0# - SERIES STATEMENT
Series statement المكتبة القانونية
650 17 - SUBJECT ADDED ENTRY--TOPICAL TERM
Topical term or geographic name as entry element الدم
650 17 - SUBJECT ADDED ENTRY--TOPICAL TERM
Topical term or geographic name as entry element نقل الدم
650 17 - SUBJECT ADDED ENTRY--TOPICAL TERM
Topical term or geographic name as entry element القانون المدني
650 17 - SUBJECT ADDED ENTRY--TOPICAL TERM
Topical term or geographic name as entry element الفقه الإسلامي
650 17 - SUBJECT ADDED ENTRY--TOPICAL TERM
Topical term or geographic name as entry element القانونالجنائي
942 ## - ADDED ENTRY ELEMENTS (KOHA)
Source of classification or shelving scheme Dewey Decimal Classification
Koha item type كتب
المقتنيات
حالة السحب حالة الفقدان مصدر التصنيف حالة التلف غير قابل للإعارة المكتبة الرئيسية المكتبة الحالية موقع الرف تاريخ التزويد الرقم المتسلسل Total Checkouts رقم الإستدعاء الباركود تاريخ آخر ظهور تاريخ الفاتورة نوع المادة (كوها)
    Dewey Decimal Classification     المكتبة المركزية المكتبة المركزية الإعارة 11/04/2011 1441424   344.041/داو PLD00200886 28/07/2025 11/04/2011 كتب
Implemented & Customized by: BBB with SCIT (Smart Chains for Information Technology)

Powered by Koha